| 000 | 00664nmm a2200265 a 4500 | ||
|---|---|---|---|
| 003 | AR-BaBNM | ||
| 005 | 20251128210809.0 | ||
| 008 | 141020s1998 ||||||||||||||000 | spa|| | ||
| 020 | _a84-89691-34-7 | ||
| 040 | _cAR-BaBNM | ||
| 100 | 1 | _aShelley, Mary | |
| 245 | 1 | 0 | _aFrankenstein |
| 260 |
_aBarcelona _bEditorial Andrés Bello _c1998 |
||
| 300 | 0 | _a236 p. | |
| 650 | 4 | _aROMANTICISMO | |
| 650 | 4 | _aLITERATURA INGLESA | |
| 650 | 4 | _aSIGLO DIECINUEVE | |
| 653 | 0 | _aNARRATIVA | |
| 653 | 0 | _aNOVELA DE TERROR | |
| 655 | _aLITERATURA | ||
| 700 | 1 |
_aChellew, María Angélica _etraductor |
|
| 700 | 0 |
_aE.A.B. _etraductor |
|
| 942 | _cBK | ||
| 998 | _cMARTIN | ||
| 999 |
_c16951 _d16951 |
||